[Event "Excelsior June U2000"]
[Site "Toronto CAN"]
[Date "2023.06.23"]
[Round "1.17"]
[White "Cater, Brendan"]
[Black "Murali, Dhruv"]
[Result "1-0"]
[WhiteElo "1756"]
[BlackElo "1635"]
[PlyCount "133"]
[EventDate "2023.06.23"]
[EventType "swiss"]
[EventRounds "5"]
[EventCountry "CAN"]

1. e4 g6 2. d4 Bg7 3. Nc3 d6 4. Be3 Nc6 5. f3 e5 6. d5 Nb8 7. Qd2 Nd7 8. O-O-O
Ngf6 9. g4 O-O 10. h4 h5 11. Bg5 a6 12. Nge2 Qe8 13. Ng3 hxg4 14. h5 Nxh5 15.
Nxh5 gxh5 16. fxg4 f6 17. Bh6 Qg6 18. Rxh5 Bxh6 19. Rxh6 Qg5 20. Qxg5+ fxg5 21.
Rg6+ Kf7 22. Rxg5 Nf6 23. Be2 Bd7 24. Rf1 Rg8 25. Rh5 Kg6 26. Rh2 Rh8 27. Rhf2
Raf8 28. Kd2 Rh4 29. Rg2 Kg5 30. a3 Bxg4 31. Rf5+ Kg6 32. Bxg4 Nxe4+ 33. Nxe4
Rxf5 34. Bxf5+ Kxf5 35. Ng3+ Kf4 36. Ne2+ Ke4 37. Nc3+ Kd4 38. Rg7 Rh2+ 39.
Ne2+ Kxd5 40. Rxc7 b6 41. Rg7 Ke4 42. Rg3 d5 43. Re3+ Kf5 44. c3 e4 45. Rg3 Rh1
46. Rg1 Rh2 47. Ke3 Rh3+ 48. Rg3 Rh1 49. Nd4+ Kf6 50. Rg2 Re1+ 51. Re2 Rh1 52.
Rf2+ Ke5 53. Rf5+ Kd6 54. Rf6+ Kc7 55. Rc6+ Kb7 56. Rd6 Rh2 57. Rd7+ Kc8 58.
Rxd5 Rxb2 59. Kxe4 Ra2 60. Rd6 Kc7 61. Kd5 Rxa3 62. Ne6+ Kc8 63. Rc6+ Kb7 64.
Rc7+ Kb8 65. Kd6 Rb3 66. Nd4 Ra3 67. Nc6+ 1-0

[Event "Excelsior June U2000"]
[Site "Toronto CAN"]
[Date "2023.06.23"]
[Round "1.18"]
[White "Huang, Justin"]
[Black "Qian, Ashley"]
[Result "1/2-1/2"]
[WhiteElo "1619"]
[BlackElo "1725"]
[PlyCount "87"]
[EventDate "2023.06.23"]
[EventType "swiss"]
[EventRounds "5"]
[EventCountry "CAN"]

1. d4 d5 2. c4 e6 3. Nc3 Nf6 4. Nf3 Be7 5. e3 c6 6. Be2 O-O 7. O-O b6 8. Re1
Bb7 9. Bf1 Nbd7 10. Qc2 c5 11. cxd5 Nxd5 12. Nxd5 Bxd5 13. e4 Bb7 14. dxc5 Nxc5
15. Bf4 Rc8 16. Rad1 Qe8 17. Qb1 Rd8 18. Nd4 Ba6 19. Bxa6 Nxa6 20. a3 Bc5 21.
Nc2 Qc6 22. b4 Rxd1 23. Qxd1 Be7 24. Qd3 Qb7 25. Rd1 h6 26. f3 Nb8 27. Ne3 b5
28. Ng4 Qb6+ 29. Qe3 Qxe3+ 30. Bxe3 a6 31. Kf2 Rc8 32. Rc1 Rxc1 33. Bxc1 h5 34.
Ne5 f6 35. Nd3 Nd7 36. Nf4 Ne5 37. Ke2 Kf7 38. Nxh5 Bd6 39. Ng3 Nc4 40. Nf1 g5
41. g3 a5 42. bxa5 Nxa5 43. Nd2 Nc6 44. Bb2 1/2-1/2

[Event "Excelsior June U2000"]
[Site "Toronto CAN"]
[Date "2023.06.23"]
[Round "1.19"]
[White "Zaka, Mohid"]
[Black "Hettigama, Thusitha"]
[Result "1-0"]
[WhiteElo "1694"]
[BlackElo "1617"]
[PlyCount "65"]
[EventDate "2023.06.23"]
[EventType "swiss"]
[EventRounds "5"]
[EventCountry "CAN"]

1. d4 Nf6 2. e3 g6 3. Nf3 Bg7 4. Be2 O-O 5. O-O d6 6. b3 Nbd7 7. Bb2 b6 8. c4
Bb7 9. Qc2 e5 10. dxe5 dxe5 11. Nxe5 Nxe5 12. Bxe5 Qe7 13. Qb2 Rfe8 14. Bc3
Rad8 15. Nd2 Rxd2 16. Bxd2 Ne4 17. Qc2 Bxa1 18. Rxa1 Qf6 19. Rf1 Rd8 20. Be1 h5
21. f3 Ng5 22. Bc3 Qe7 23. Bd2 h4 24. h3 Qd7 25. Be1 Nxh3+ 26. gxh3 Qxh3 27. e4
Rd6 28. c5 bxc5 29. Qc3 Rd2 30. Qe3 Rxa2 31. Bf2 Ra5 32. Bc4 Bc8 33. Qf4 1-0

[Event "Excelsior June U2000"]
[Site "Toronto CAN"]
[Date "2023.06.23"]
[Round "1.20"]
[White "Mutyalapati, Modith Aaroh"]
[Black "O'Neill, Michael"]
[Result "0-1"]
[WhiteElo "1603"]
[BlackElo "1688"]
[PlyCount "118"]
[EventDate "2023.06.23"]
[EventType "swiss"]
[EventRounds "5"]
[EventCountry "CAN"]

1. e4 c6 2. d4 d5 3. exd5 cxd5 4. Nf3 Nf6 5. c4 Nc6 6. Nc3 Bg4 7. cxd5 Nxd5 8.
Nxd5 Qxd5 9. Be2 e6 10. O-O Be7 11. Be3 O-O 12. Rc1 Rfd8 13. h3 Bxf3 14. Bxf3
Qxa2 15. Bxc6 bxc6 16. Rxc6 Qxb2 17. Qd3 Qb7 18. Ra6 Rd5 19. Rb1 Qd7 20. Qb3
Rd6 21. Rba1 Rxa6 22. Rxa6 Qc8 23. Qa2 Qb7 24. d5 exd5 25. Rxa7 Rxa7 26. Qxa7
Qxa7 27. Bxa7 Kf8 28. Kf1 Ke8 29. Ke2 Kd7 30. Kd3 Kc6 31. Be3 Bf6 32. g4 g6 33.
f4 Kd6 34. Bd2 Bg7 35. Be3 f5 36. g5 Kc6 37. Ba7 Bb2 38. Be3 Kb5 39. Ba7 Bg7
40. Bb8 Bf8 41. Be5 Bc5 42. Bc3 Bf2 43. Be5 Kc5 44. Kc3 d4+ 45. Kd3 Be3 46. Bb8
Kd5 47. Bc7 Kc6 48. Bb8 Kb7 49. Be5 Kc6 50. Bb8 Kb5 51. Be5 Kc5 52. Bb8 Kb4 53.
Be5 Kb3 54. Bc7 Kb2 55. Ba5 Kc1 56. Be1 Kd1 57. Bg3 Kc1 58. Be1 Bxf4 59. Kxd4
Bxg5 0-1

[Event "Excelsior June U2000"]
[Site "Toronto CAN"]
[Date "2023.06.24"]
[Round "2.12"]
[White "Ruchinskaya, Valerie"]
[Black "Cater, Brendan"]
[Result "1-0"]
[WhiteElo "1933"]
[BlackElo "1756"]
[PlyCount "73"]
[EventDate "2023.06.23"]
[EventType "swiss"]
[EventRounds "5"]
[EventCountry "CAN"]

1. d4 d5 2. c4 e6 3. Nc3 c5 4. cxd5 cxd4 5. Qa4+ Bd7 6. Qxd4 exd5 7. Qxd5 Nc6
8. Bf4 Nf6 9. Qd2 Qa5 10. O-O-O Be6 11. e3 Bb4 12. Qc2 O-O 13. Nge2 Rac8 14. a3
b5 15. axb4 Nxb4 16. Qb1 Bb3 17. Kd2 Nc2 18. Nd4 Ne4+ 19. Ke2 Bc4+ 20. Kf3 Ne1+
21. Kxe4 f5+ 22. Nxf5 Rce8+ 23. Be5 Rxe5+ 24. Kxe5 Qc7+ 25. Rd6 Qc5+ 26. Nd5
Re8+ 27. Kf4 Bxd5 28. Qxe1 Re4+ 29. Kg3 Be6 30. Rd8+ Kf7 31. Nd6+ Ke7 32. Nxe4
Qe5+ 33. f4 Qxe4 34. Qd2 h5 35. Qd6+ Kf7 36. Rf8+ Kg6 37. Bd3 1-0

[Event "Excelsior June U2000"]
[Site "Toronto CAN"]
[Date "2023.06.24"]
[Round "2.13"]
[White "Zhong, April"]
[Black "Faizy, Mohammed"]
[Result "0-1"]
[WhiteElo "1800"]
[BlackElo "1854"]
[PlyCount "90"]
[EventDate "2023.06.23"]
[EventType "swiss"]
[EventRounds "5"]
[EventCountry "CAN"]

1. e4 c5 2. Nf3 e6 3. c3 d5 4. exd5 Qxd5 5. Bb5+ Bd7 6. Bxd7+ Nxd7 7. O-O Ngf6
8. Qe2 Bd6 9. d4 O-O 10. dxc5 Nxc5 11. Rd1 Qc6 12. Bg5 Nd5 13. Nbd2 h6 14. Be3
a6 15. Nd4 Qc7 16. N2f3 Rae8 17. Bd2 f5 18. c4 Nf4 19. Bxf4 Bxf4 20. b4 Ne4 21.
Qc2 Qf7 22. Rd3 Bb8 23. Rad1 Qh5 24. Ne2 e5 25. Re3 Qg6 26. Nc3 Nxc3 27. Rxc3
e4 28. Nh4 Qg4 29. g3 f4 30. Ng2 e3 31. fxe3 fxg3 32. h4 Qh3 33. Nf4 Rxf4 34.
exf4 Bxf4 35. Qg2 Qg4 36. Qf3 Qxh4 37. Qd5+ Kh8 38. Qg2 Be3+ 39. Rxe3 Rxe3 40.
Qc2 Qe7 41. Qd2 Qe4 42. Qg2 Qxc4 43. Qxb7 Qc2 44. Rd8+ Kh7 45. Qg2 Re1+ 0-1

[Event "Excelsior June U2000"]
[Site "Toronto CAN"]
[Date "2023.06.24"]
[Round "2.14"]
[White "Narasimhan, Siddarth"]
[Black "Zaka, Mohid"]
[Result "1-0"]
[WhiteElo "1821"]
[BlackElo "1694"]
[PlyCount "69"]
[EventDate "2023.06.23"]
[EventType "swiss"]
[EventRounds "5"]
[EventCountry "CAN"]

1. d4 Nf6 2. Bf4 c5 3. e3 cxd4 4. exd4 d5 5. Nd2 e6 6. Ngf3 Bd6 7. Bg3 O-O 8.
Bd3 Nc6 9. c3 Qc7 10. O-O Bd7 11. Re1 Rac8 12. Ne5 a6 13. a4 Rb8 14. Qe2 Ne7
15. c4 Ng6 16. Rec1 Bc6 17. b4 Ra8 18. b5 dxc4 19. Ndxc4 axb5 20. axb5 Rxa1 21.
Rxa1 Be8 22. Nxg6 Bxg3 23. Nxf8 Bxh2+ 24. Kh1 Kxf8 25. Ne5 Bxe5 26. dxe5 Nd5
27. Qe4 Nc3 28. Qd4 Nxb5 29. Bxb5 Bxb5 30. Qb4+ Qe7 31. Qxb5 Qh4+ 32. Kg1 g6
33. Ra8+ Kg7 34. Qe8 Qb4 35. Qg8+ 1-0

[Event "Excelsior June U2000"]
[Site "Toronto CAN"]
[Date "2023.06.24"]
[Round "2.15"]
[White "Huang, Ivan"]
[Black "Wang, Nathan"]
[Result "0-1"]
[WhiteElo "1588"]
[BlackElo "1807"]
[PlyCount "168"]
[EventDate "2023.06.23"]
[EventType "swiss"]
[EventRounds "5"]
[EventCountry "CAN"]

1. c4 Nf6 2. Nf3 g6 3. g3 Bg7 4. Bg2 c6 5. d4 d5 6. cxd5 cxd5 7. O-O O-O 8. Nc3
Nc6 9. Qb3 Ne4 10. Rd1 Na5 11. Qb4 Nxc3 12. Qxc3 Bg4 13. h3 Rc8 14. Qe1 Bxf3
15. Bxf3 e6 16. Bf4 Nc6 17. Be3 Qb6 18. Qd2 Nb4 19. a3 Nc2 20. Rab1 a5 21. Bg2
a4 22. Qd3 Rc6 23. f3 Nxe3 24. Qxe3 Rc4 25. Kh2 Bxd4 26. Qd3 Be3 27. b3 Rc7 28.
bxa4 Qa7 29. f4 d4 30. Qb5 h5 31. h4 Rd8 32. Be4 Rdd7 33. Bf3 Qa6 34. Qxa6 bxa6
35. Rb6 d3 36. Rb8+ Kg7 37. exd3 Rc2+ 38. Kh3 Rc3 39. Ra8 Ba7 40. Be2 Rxa3 41.
d4 Rxa4 42. Rc8 Rdxd4 43. Rxd4 Bxd4 44. Rc6 a5 45. Rc2 Kf6 46. Kg2 Ra3 47. Rc4
Bc3 48. Kf2 Bb4 49. Rc2 Be7 50. Rc4 Rb3 51. Rc2 a4 52. Bc4 Rb7 53. Ba2 a3 54.
Kf3 Rd7 55. Ke2 Kf5 56. Kf2 Kg4 57. Bc4 Kf5 58. Kf3 Kf6 59. Ba2 Rd3+ 60. Kf2
Bd6 61. Kg2 e5 62. fxe5+ Kxe5 63. Bxf7 Kf6 64. Rf2+ Kg7 65. g4 Rg3+ 66. Kf1
Rxg4 67. Bd5 Rxh4 68. Rg2 Rh1+ 69. Ke2 Rh2 70. Rxh2 Bxh2 71. Kf3 Bd6 72. Bb3 g5
73. Kg2 Kf6 74. Kf3 g4+ 75. Kg2 h4 76. Bg8 h3+ 77. Kg1 Kg5 78. Kh1 Kf4 79. Bd5
Ke3 80. Be6 g3 81. Bd5 Bc5 82. Kg1 Ke2+ 83. Kh1 g2+ 84. Bxg2 hxg2+ 0-1

[Event "Excelsior June U2000"]
[Site "Toronto CAN"]
[Date "2023.06.24"]
[Round "2.16"]
[White "O'Neill, Michael"]
[Black "Huang, Justin"]
[Result "1-0"]
[WhiteElo "1688"]
[BlackElo "1619"]
[PlyCount "93"]
[EventDate "2023.06.23"]
[EventType "swiss"]
[EventRounds "5"]
[EventCountry "CAN"]

1. e4 e6 2. d4 d5 3. Nc3 Bb4 4. e5 c5 5. a3 cxd4 6. axb4 dxc3 7. bxc3 Qc7 8.
Nf3 Qxc3+ 9. Bd2 Qc7 10. Bd3 Nc6 11. Qe2 Nge7 12. b5 Nb8 13. O-O Nd7 14. Bb4
Nc5 15. b6 Qxb6 16. Ba5 Qb2 17. Rfb1 Qxb1+ 18. Rxb1 Nxd3 19. Qxd3 O-O 20. Bb4
Re8 21. c4 dxc4 22. Qxc4 Nd5 23. Bd2 Re7 24. Bg5 Rc7 25. Qg4 Kh8 26. Qh5 Rb8
27. Bd2 Kg8 28. Ng5 h6 29. Ne4 Kf8 30. g4 b5 31. g5 g6 32. Qxh6+ Ke7 33. Nf6
Bd7 34. Nxd5+ exd5 35. Bb4+ Kd8 36. Qf8+ Be8 37. Bd6 Rbb7 38. Bxc7+ Rxc7 39.
Rxb5 Kd7 40. Rxd5+ Kc6 41. Rd6+ Kc5 42. Qxe8 f6 43. gxf6 a5 44. Qa4 Ra7 45.
Qc6+ Kb4 46. Qb6+ Kc4 47. Qxa7 1-0

[Event "Excelsior June U2000"]
[Site "Toronto CAN"]
[Date "2023.06.24"]
[Round "2.17"]
[White "Qian, Ashley"]
[Black "Zhang, Daniel"]
[Result "0-1"]
[WhiteElo "1725"]
[BlackElo "1848"]
[PlyCount "136"]
[EventDate "2023.06.23"]
[EventType "swiss"]
[EventRounds "5"]
[EventCountry "CAN"]

1. e4 c5 2. Nf3 d6 3. d4 cxd4 4. Nxd4 Nf6 5. Nc3 a6 6. Be3 e6 7. Qd2 b5 8. f3
Bb7 9. O-O-O Nbd7 10. Nb3 Be7 11. Bf4 d5 12. exd5 Nxd5 13. Nxd5 Bxd5 14. Kb1
O-O 15. Bd3 Bf6 16. Rhe1 Rc8 17. Be4 Nb6 18. Bxd5 Nxd5 19. Be5 Bxe5 20. Rxe5
Qc7 21. Ree1 b4 22. Nd4 Rfd8 23. Qe2 a5 24. Ka1 Nc3 25. Nxe6 Rxd1+ 26. Rxd1
fxe6 27. Qxe6+ Kh8 28. Re1 h6 29. bxc3 Qxc3+ 30. Kb1 Qxc2+ 31. Ka1 a4 32. Qe2
Qc3+ 33. Kb1 b3 34. a3 Qc5 35. Qb2 Qf5+ 36. Re4 Qb5 37. Qe2 Qc6 38. Qb2 Qd6 39.
Rd4 Qxh2 40. Rd1 Qc7 41. Rh1 Qc6 42. Re1 Qc2+ 43. Qxc2 Rxc2 44. Re4 Rxg2 45.
Rxa4 Ra2 46. Rb4 Rxa3 47. Kb2 Ra2+ 48. Kxb3 Rf2 49. Rb8+ Kh7 50. Rf8 g5 51. Kc3
g4 52. Kd3 g3 53. Ke3 Rf1 54. Rf4 g2 55. Rg4 g1=Q+ 56. Rxg1 Rxg1 57. Kf2 Rg6
58. f4 h5 59. Kf3 h4 60. Kf2 h3 61. Kf3 h2 62. Kf2 h1=Q 63. Ke3 Re6+ 64. Kd4
Qd1+ 65. Kc5 Re2 66. Kb4 Rc2 67. Kb3 Qb1+ 68. Ka3 Ra2# 0-1

[Event "Excelsior June U2000"]
[Site "Toronto CAN"]
[Date "2023.06.24"]
[Round "2.18"]
[White "Murali, Dhruv"]
[Black "Ajith, Aarush"]
[Result "0-1"]
[WhiteElo "1635"]
[BlackElo "1675"]
[PlyCount "68"]
[EventDate "2023.06.23"]
[EventType "swiss"]
[EventRounds "5"]
[EventCountry "CAN"]

1. b3 d5 2. Bb2 e6 3. e3 Nf6 4. d4 Bd6 5. Nf3 Nbd7 6. Nbd2 O-O 7. Bd3 b6 8. O-O
Bb7 9. c4 Ne4 10. cxd5 exd5 11. Qc2 f5 12. Ne5 Qe7 13. Nxd7 Qxd7 14. f3 Nxd2
15. Qxd2 Rae8 16. Rae1 Re7 17. Qc2 g6 18. e4 fxe4 19. fxe4 Rxf1+ 20. Rxf1 dxe4
21. Bc4+ Kg7 22. d5+ Be5 23. Bxe5+ Rxe5 24. Qc3 Qd6 25. Re1 Kg8 26. Qc2 Bc8 27.
Qd2 b5 28. Bf1 Rxd5 29. Qc2 Bf5 30. a4 Rd2 31. Qc3 Qb6+ 32. Re3 Rd3 33. Bxd3
Qxe3+ 34. Kh1 Qxd3 0-1

[Event "Excelsior June U2000"]
[Site "Toronto CAN"]
[Date "2023.06.24"]
[Round "2.19"]
[White "Ambilwade, Ojal"]
[Black "Liu, Sean"]
[Result "1-0"]
[WhiteElo "1672"]
[BlackElo "1648"]
[PlyCount "147"]
[EventDate "2023.06.23"]
[EventType "swiss"]
[EventRounds "5"]
[EventCountry "CAN"]

1. c4 Nf6 2. Nc3 g6 3. d4 Bg7 4. e4 d6 5. Nf3 O-O 6. d5 e6 7. h3 a5 8. Be3 Na6
9. a3 Bd7 10. Bd3 b6 11. O-O e5 12. Qd2 Ne8 13. Bh6 f5 14. Bxg7 Kxg7 15. exf5
Bxf5 16. Ng5 h6 17. Bxf5 hxg5 18. Bc2 Nc5 19. b4 Nd7 20. Ne4 Rf4 21. g3 Rf5 22.
Ba4 Nf8 23. Bxe8 Qxe8 24. Nxg5 Qe7 25. h4 Qf6 26. Rac1 Qe7 27. Qc3 Nh7 28. Ne6+
Kg8 29. c5 axb4 30. axb4 dxc5 31. bxc5 Nf8 32. cxb6 cxb6 33. Nxf8 Raxf8 34. Qe3
R5f6 35. Rc6 Rxc6 36. dxc6 Qc7 37. Qe4 Rf6 38. Rc1 Kg7 39. Qd5 Kf8 40. Kg2 Ke7
41. Qe4 Re6 42. h5 Kf7 43. hxg6+ Rxg6 44. Qf5+ Kg7 45. Qe4 Kf7 46. Qa4 Rd6 47.
Qa8 Rd8 48. Qb7 Rc8 49. Qa6 Rh8 50. Qb7 Rc8 51. Qxc7+ Rxc7 52. Kf3 Ke6 53. Ke4
Kd6 54. g4 b5 55. Rd1+ Ke6 56. Rd5 Rxc6 57. Rxe5+ Kf6 58. Rxb5 Rc4+ 59. Kf3 Kg6
60. Kg3 Ra4 61. f3 Ra3 62. Kf4 Ra4+ 63. Kg3 Ra3 64. Rd5 Kf6 65. Kf4 Ra4+ 66.
Kg3 Ra3 67. Rf5+ Kg6 68. Rf8 Kg7 69. Re8 Kf7 70. Re4 Kg6 71. Kf4 Ra6 72. Rd4
Rf6+ 73. Ke4 Re6+ 74. Kd5 1-0

[Event "Excelsior June U2000"]
[Site "Toronto CAN"]
[Date "2023.06.24"]
[Round "2.20"]
[White "Hettigama, Thusitha"]
[Black "Desikan, Ajith"]
[Result "1/2-1/2"]
[WhiteElo "1617"]
[BlackElo "1672"]
[PlyCount "127"]
[EventDate "2023.06.23"]
[EventType "swiss"]
[EventRounds "5"]
[EventCountry "CAN"]

1. Nf3 c5 2. c4 Nf6 3. Nc3 Nc6 4. e3 e6 5. d4 d5 6. Be2 Be7 7. O-O O-O 8. b3 b6
9. cxd5 exd5 10. Bb2 Bb7 11. Rc1 cxd4 12. Nxd4 Nxd4 13. Qxd4 Bc5 14. Qd1 Qe7
15. Na4 Ba3 16. Bxa3 Qxa3 17. Rc7 Bc8 18. Qc2 Be6 19. Ba6 Qd6 20. h3 Qe5 21.
Rc1 Ne4 22. Qe2 Nc5 23. Rc6 Bd7 24. R6xc5 bxc5 25. Nxc5 Be6 26. Nd3 Qd6 27. Nf4
Rab8 28. Bd3 Rbc8 29. Rd1 Qe5 30. Qf3 Rfd8 31. Ne2 Qb2 32. Bb1 Qf6 33. Qg3 Bf5
34. Bxf5 Qxf5 35. Nd4 Qe4 36. Kh2 h6 37. Re1 a6 38. f3 Qg6 39. Qf4 Qd6 40. Qxd6
Rxd6 41. Nf5 Re6 42. Nd4 Re5 43. Kg3 Rg5+ 44. Kf2 Kf8 45. f4 Rg6 46. Kf3 Rf6
47. g4 a5 48. Re2 Rc1 49. Rd2 g6 50. Ne2 Rc5 51. Nd4 Ke8 52. Ke2 Ra6 53. Nf3
Ra8 54. Ne5 Rac8 55. Kf3 Ke7 56. h4 Ke6 57. Rd4 Rb8 58. Ra4 Ra8 59. Nd3 Rc3 60.
Rd4 Rc2 61. Ra4 Rh2 62. Kg3 Re2 63. Kf3 Rh2 64. Kg3 1/2-1/2

[Event "Excelsior June U2000"]
[Site "Toronto CAN"]
[Date "2023.06.24"]
[Round "2.21"]
[White "Tenkov, Arkadii"]
[Black "Mutyalapati, Modith Aaroh"]
[Result "1-0"]
[WhiteElo "1662"]
[BlackElo "1603"]
[PlyCount "81"]
[EventDate "2023.06.23"]
[EventType "swiss"]
[EventRounds "5"]
[EventCountry "CAN"]

1. e4 c5 2. Nc3 a6 3. g3 b5 4. Bg2 Bb7 5. d3 e6 6. f4 d5 7. e5 Nc6 8. Nf3 c4 9.
d4 b4 10. Ne2 a5 11. c3 Nge7 12. O-O g6 13. g4 Bg7 14. Ng3 h5 15. gxh5 Nf5 16.
hxg6 fxg6 17. Ng5 Qe7 18. Qg4 Nd8 19. Nxf5 gxf5 20. Qg3 Kd7 21. b3 Rc8 22. a3
cxb3 23. cxb4 a4 24. Bb2 Ba6 25. Rac1 Nf7 26. Rxc8 Rxc8 27. Rc1 Nxg5 28. fxg5
Rxc1+ 29. Bxc1 Qd8 30. Qc3 Bc4 31. h4 f4 32. Bxf4 Qf8 33. Bc1 Qf5 34. Bb2 Qh7
35. Qe1 Qc2 36. Qf2 Qg6 37. Kh2 Ke7 38. Bf3 Qf5 39. Kg2 Bd3 40. Qe3 Be4 41. Kg3
1-0

[Event "Excelsior June U2000"]
[Site "Toronto CAN"]
[Date "2023.06.24"]
[Round "3.12"]
[White "Wang, Nathan"]
[Black "Ruchinskaya, Valerie"]
[Result "0-1"]
[WhiteElo "1807"]
[BlackElo "1933"]
[PlyCount "92"]
[EventDate "2023.06.23"]
[EventType "swiss"]
[EventRounds "5"]
[EventCountry "CAN"]

1. e4 e6 2. d4 d5 3. e5 c5 4. c3 Nc6 5. Nf3 Bd7 6. Be2 f6 7. exf6 Nxf6 8. O-O
Bd6 9. c4 O-O 10. Nc3 Nxd4 11. Nxd4 cxd4 12. Qxd4 e5 13. Qh4 d4 14. Ne4 Nxe4
15. Qxe4 Bc6 16. Qc2 e4 17. c5 Be5 18. Bc4+ Kh8 19. Rb1 d3 20. Qd1 Qd4 21. Bb3
Qxc5 22. Be3 Qd6 23. h3 Qg6 24. Qd2 Bd7 25. Kh1 Bxh3 26. f4 exf3 27. gxh3 Qg3
28. Be6 Rae8 29. Bg4 Bd4 30. Rbe1 Bxe3 31. Qh2 Qxh2+ 32. Kxh2 f2 33. Rd1 d2 34.
Kg2 Re5 35. Bd7 Rg5+ 36. Kh2 Rc5 37. Ba4 Rf4 38. Bb3 b5 39. Ra1 Rc1 40. Kg2 Rf6
41. a4 Rg6+ 42. Kf3 Rg1 43. Kxe3 Rgxf1 44. Ra2 Ra1 45. Rxa1 Rxa1 46. Kxf2 bxa4
0-1

[Event "Excelsior June U2000"]
[Site "Toronto CAN"]
[Date "2023.06.24"]
[Round "3.13"]
[White "Faizy, Mohammed"]
[Black "O'Neill, Michael"]
[Result "1/2-1/2"]
[WhiteElo "1854"]
[BlackElo "1688"]
[PlyCount "55"]
[EventDate "2023.06.23"]
[EventType "swiss"]
[EventRounds "5"]
[EventCountry "CAN"]

1. e4 c6 2. d4 d5 3. e5 Bf5 4. h4 h5 5. Bd3 Bxd3 6. Qxd3 Qa5+ 7. Nd2 e6 8. Ngf3
Qa6 9. c4 Nh6 10. O-O Nf5 11. b3 Be7 12. g3 O-O 13. Qc2 Nd7 14. Re1 Rac8 15. a3
Bb4 16. Bb2 Bxd2 17. Nxd2 dxc4 18. bxc4 Rfd8 19. Rac1 Nb6 20. Nb3 Na4 21. Ba1
g6 22. Red1 b5 23. c5 Rd5 24. Rd3 Rcd8 25. Rcd1 Qb7 26. Qd2 Qc7 27. Qb4 Kg7 28.
R3d2 1/2-1/2

[Event "Excelsior June U2000"]
[Site "Toronto CAN"]
[Date "2023.06.24"]
[Round "3.14"]
[White "Zhang, Daniel"]
[Black "Narasimhan, Siddarth"]
[Result "0-1"]
[WhiteElo "1848"]
[BlackElo "1821"]
[PlyCount "74"]
[EventDate "2023.06.23"]
[EventType "swiss"]
[EventRounds "5"]
[EventCountry "CAN"]

1. e4 c6 2. d4 d5 3. Nc3 dxe4 4. Nxe4 Nf6 5. Nxf6+ exf6 6. c3 Bd6 7. Bd3 O-O 8.
Qc2 Re8+ 9. Ne2 h5 10. Be3 Nd7 11. O-O-O Nf8 12. Ng3 g6 13. Ne4 Be7 14. h4 f5
15. Ng5 Ne6 16. Nf3 Nc7 17. c4 b5 18. Ne5 Qd6 19. f3 Bf6 20. f4 Be6 21. c5 Qd5
22. b3 a5 23. Rd2 Na6 24. Be2 Nb4 25. Qb1 Bxe5 26. Bf3 Qd7 27. dxe5 Qc7 28. a3
Nd5 29. Bxd5 Bxd5 30. Bd4 Qe7 31. Rh3 Red8 32. Qb2 Rd7 33. Re2 Qe6 34. Rd2 Rad8
35. b4 axb4 36. axb4 Bxg2 37. Rg3 Qc4+ 0-1

[Event "Excelsior June U2000"]
[Site "Toronto CAN"]
[Date "2023.06.24"]
[Round "3.15"]
[White "Ajith, Aarush"]
[Black "Zhong, April"]
[Result "0-1"]
[WhiteElo "1675"]
[BlackElo "1800"]
[PlyCount "60"]
[EventDate "2023.06.23"]
[EventType "swiss"]
[EventRounds "5"]
[EventCountry "CAN"]

1. d4 d5 2. Nf3 Nf6 3. Bg5 Nbd7 4. Nbd2 e6 5. e3 c5 6. c3 Bd6 7. Bd3 Qc7 8. O-O
c4 9. Bc2 O-O 10. Re1 b5 11. e4 dxe4 12. Nxe4 Nxe4 13. Bxe4 Bb7 14. Qc2 h6 15.
Bd2 Bxe4 16. Qxe4 a5 17. h3 Rfc8 18. Ne5 Bxe5 19. dxe5 Nc5 20. Qg4 Kh8 21. Qh5
Kh7 22. Re3 Rd8 23. Qe2 Rd5 24. Rf1 Nd3 25. f4 Nxb2 26. f5 Rad8 27. Bc1 Nd3 28.
Qg4 Nxc1 29. Rxc1 Qc5 30. Rce1 Rxe5 0-1

[Event "Excelsior June U2000"]
[Site "Toronto CAN"]
[Date "2023.06.24"]
[Round "3.16"]
[White "Cater, Brendan"]
[Black "Ambilwade, Ojal"]
[Result "1/2-1/2"]
[WhiteElo "1756"]
[BlackElo "1672"]
[PlyCount "77"]
[EventDate "2023.06.23"]
[EventType "swiss"]
[EventRounds "5"]
[EventCountry "CAN"]

1. e4 c5 2. Nf3 d6 3. c3 Nf6 4. Be2 Nc6 5. d4 cxd4 6. cxd4 e6 7. Nc3 Be7 8. O-O
O-O 9. Re1 a6 10. a4 b6 11. h3 Bb7 12. Be3 Nb4 13. Qb3 d5 14. e5 Ne4 15. Rac1
Rc8 16. Red1 Qd7 17. Nd2 Bc6 18. Ra1 Qb7 19. Na2 Nxd2 20. Bxd2 Nxa2 21. Qxa2 b5
22. axb5 Bxb5 23. Qb3 Qd7 24. Bxb5 axb5 25. Rdc1 Rc4 26. Qd3 Rfc8 27. b3 Rxc1+
28. Rxc1 Rxc1+ 29. Bxc1 h6 30. Bd2 Qc6 31. Qc3 Qxc3 32. Bxc3 Kh7 33. g3 g5 34.
Kg2 Kg6 35. f4 gxf4 36. gxf4 b4 37. Be1 Kf5 38. Kf3 h5 39. Bf2 1/2-1/2

[Event "Excelsior June U2000"]
[Site "Toronto CAN"]
[Date "2023.06.24"]
[Round "3.17"]
[White "Zaka, Mohid"]
[Black "Huang, Ivan"]
[Result "1/2-1/2"]
[WhiteElo "1694"]
[BlackElo "1588"]
[PlyCount "127"]
[EventDate "2023.06.23"]
[EventType "swiss"]
[EventRounds "5"]
[EventCountry "CAN"]

1. d4 d5 2. c4 e6 3. cxd5 exd5 4. Nc3 Nc6 5. Nf3 Nf6 6. Bg5 Be7 7. e3 Bf5 8.
Qb3 Na5 9. Qd1 h6 10. Bh4 a6 11. Bd3 Bxd3 12. Qxd3 Nc6 13. O-O O-O 14. Rfe1 Nb8
15. Red1 Nbd7 16. Qb1 c6 17. Bg3 Nh5 18. Ne2 Nxg3 19. hxg3 Nf6 20. Ne5 Qb6 21.
Nf4 Rfd8 22. Qf5 Rd6 23. Rab1 Rf8 24. b4 Qc7 25. a4 Ne4 26. Rdc1 Bg5 27. b5
axb5 28. axb5 Bxf4 29. gxf4 g6 30. Qh3 Kg7 31. bxc6 bxc6 32. Rc2 f6 33. Nf3 Qc8
34. f5 Qxf5 35. Qxf5 gxf5 36. Nh4 Re6 37. Nxf5+ Kg6 38. Nh4+ Kg5 39. g3 Kg4 40.
Kg2 Kg5 41. f3 Nd6 42. Rxc6 Rc8 43. Rbb6 Rxc6 44. Rxc6 f5 45. Kf2 Kf6 46. Ng2
Ne4+ 47. fxe4 Rxc6 48. exd5 Rd6 49. Nf4 Ra6 50. Ke2 Ra3 51. Nd3 Ra2+ 52. Kf3
Ra3 53. Ne5 Ra6 54. g4 fxg4+ 55. Kxg4 h5+ 56. Kf4 h4 57. e4 h3 58. Ng4+ Ke7 59.
e5 Ra4 60. Ke4 Ra2 61. d6+ Kd8 62. e6 Re2+ 63. Kf3 Rxe6 64. Ne5 1/2-1/2

[Event "Excelsior June U2000"]
[Site "Toronto CAN"]
[Date "2023.06.24"]
[Round "3.18"]
[White "Desikan, Ajith"]
[Black "Tenkov, Arkadii"]
[Result "1-0"]
[WhiteElo "1672"]
[BlackElo "1662"]
[PlyCount "83"]
[EventDate "2023.06.23"]
[EventType "swiss"]
[EventRounds "5"]
[EventCountry "CAN"]

1. d4 Nf6 2. Bf4 e6 3. e3 b6 4. Nf3 Bb7 5. Bd3 Be7 6. O-O O-O 7. c4 c5 8. Nc3
cxd4 9. exd4 d5 10. cxd5 Nxd5 11. Bg3 Nd7 12. Rc1 Rc8 13. Nxd5 Bxd5 14. Qa4
Bxf3 15. gxf3 Nc5 16. Bxh7+ Kxh7 17. dxc5 Rxc5 18. Rxc5 Bxc5 19. b4 Be7 20. Rd1
Qa8 21. Rd7 Qxf3 22. Rxe7 Rc8 23. Rc7 Rxc7 24. Bxc7 Qg4+ 25. Bg3 f5 26. Qc2 Kh6
27. Qd2+ g5 28. f4 b5 29. Kf2 Kg6 30. Qe2 Kh5 31. Qxg4+ Kxg4 32. fxg5 Kxg5 33.
Ke3 a6 34. Be5 Kg4 35. Bf4 Kh5 36. Kd4 Kg4 37. Ke5 Kf3 38. Bh6 Kg4 39. Kxe6 f4
40. Kd5 f3 41. Be3 Kh3 42. Ke4 1-0

[Event "Excelsior June U2000"]
[Site "Toronto CAN"]
[Date "2023.06.24"]
[Round "3.19"]
[White "Huang, Justin"]
[Black "Hettigama, Thusitha"]
[Result "1-0"]
[WhiteElo "1619"]
[BlackElo "1617"]
[PlyCount "69"]
[EventDate "2023.06.23"]
[EventType "swiss"]
[EventRounds "5"]
[EventCountry "CAN"]

1. d4 Nf6 2. c4 g6 3. f3 Bg7 4. e4 d6 5. Nc3 O-O 6. Be3 c5 7. d5 e6 8. Qd2 exd5
9. cxd5 Re8 10. Bb5 Bd7 11. Bc4 a6 12. a4 Bc8 13. Nge2 Nbd7 14. O-O Ne5 15. b3
Nxc4 16. bxc4 Nh5 17. Rac1 Qe7 18. Bg5 Qf8 19. a5 h6 20. Be3 f5 21. Nf4 Nxf4
22. Bxf4 g5 23. Bg3 Qe7 24. exf5 Bxf5 25. Rfe1 Qf6 26. Ne4 Bxe4 27. fxe4 Re7
28. Rb1 Rae8 29. e5 dxe5 30. Rb6 Qf5 31. d6 Rd7 32. Qd5+ Qe6 33. Qxc5 e4 34.
Bf2 Rf8 35. Bd4 1-0